000 00823nam a2200241Ia 4500
008 191130s1993##################000#0#eng##
020 _a9780521055970
022 _a92032196
040 _aACL
_cACL
082 _a302.23 DIC
100 _aDickey, Sara
245 _aCinema and the urban poor in south India
_cSara Dickey
260 _aCambridge
_bCambridge University Press
_c1993
300 _axiv, 213 p. : ill., map ; 24 cm
500 _aIncludes bibliographical references (p. [195]-202) and index
650 _aMotion picture audiences - India - Madurai
650 _aMotion pictures - Social aspects - India - Tamil Nadu
650 _aPopular culture - Madurai (India)
650 _aUrban poor - India - Tamil Nadu
990 _abd97b4b3ac10000c4f26efb2ebf9094c
991 _a229478
999 _c251383
_d251383